000 00425nam a2200181Ia 4500
001 2730
005 20260306144828.0
008 260306t2009||||xx |||||||||||||| ||spa||
041 _aESP
082 _a220
_bD61 2009
100 _aDesclée de Brouwer
_eAUT
245 0 _aBiblia de Jerusalén
260 _c2009
300 _axviii, 1891 páginas :
_c22 cm.
650 _aGEN
654 _aCHU
942 _cLIB
_dJUS
_fJUS
_2ddc
_n
999 _c2730
_d2730